Un ensayo de pensamiento social postcomunista / (Record no. 45198)
[ view plain ]
| 000 -LEADER | |
|---|---|
| campo de control de longitud fija | 00741nam a2200217 i 4500 |
| 001 - NÚMERO DE CONTROL | |
| campo de control | 45198 |
| 003 - IDENTIFICADOR DE NÚMERO DE CONTROL | |
| campo de control | ES-MaACL |
| 005 - FECHA Y HORA DE LA ÚLTIMA TRANSACCIÓN | |
| campo de control | 20251015063056.0 |
| 007 - CAMPO FIJO DE DESCRIPCIÓN FÍSICA--INFORMACIÓN GENERAL | |
| campo de control de longitud fija | t| |
| 008 - DATOS DE LONGITUD FIJA--INFORMACIÓN GENERAL | |
| campo de control de longitud fija | 030325s1965 sp ||||1| spa d |
| 100 1# - ENTRADA PRINCIPAL--NOMBRE DE PERSONA | |
| Nombre de persona | Cobo Suero, Juan Manuel, |
| Fechas asociadas al nombre | 1937- |
| 9 (RLIN) | 39358 |
| 245 13 - MENCIÓN DEL TÍTULO | |
| Título | Un ensayo de pensamiento social postcomunista / |
| Mención de responsabilidad, etc. | por J. M. Cobo Suero. |
| 260 ## - PUBLICACIÓN, DISTRIBUCIÓN, ETC. | |
| Lugar de publicación, distribución, etc. | Madrid : |
| Nombre del editor, distribuidor, etc. | Razón y Fé, |
| Fecha de publicación, distribución, etc. | [1965] |
| 300 ## - DESCRIPCIÓN FÍSICA | |
| Extensión | 161 p. ; |
| Dimensiones | 19 cm. |
| 490 1# - MENCIÓN DE SERIE | |
| Mención de serie | Biblioteca Razón y Fe de Cuestiones Actuales ; |
| Designación de volumen o secuencia | 59 |
| 650 #7 - PUNTO DE ACCESO ADICIONAL DE MATERIA--TÉRMINO DE MATERIA | |
| Término de materia o nombre geográfico como elemento de entrada | Problemas sociales |
| Fuente del encabezamiento o término | embne |
| 9 (RLIN) | 16415 |
| 650 04 - PUNTO DE ACCESO ADICIONAL DE MATERIA--TÉRMINO DE MATERIA | |
| Término de materia o nombre geográfico como elemento de entrada | Política social. |
| 9 (RLIN) | 16308 |
| 830 0# - PUNTO DE ACCESO ADICIONAL DE SERIE-TÍTULO UNIFORME | |
| Título uniforme | Biblioteca Razón y Fe de Cuestiones Actuales ; |
| Designación de volumen o secuencia | 59 |
| 9 (RLIN) | 182379 |
| 852 ## - LOCALIZACIÓN | |
| Ubicación | ES-MaACL |
| Número de control de estantería | C-28519 |
| Sublocalización o colección | R.57849 |
| Estatus retirado | Estado de pérdida | Estado de daño | No para préstamo | Biblioteca de origen | Biblioteca actual | Ubicación en estantería | Fecha de adquisición | Fuente de adquisición | Total de préstamos | Signatura topográfica completa | Código de barras | Visto por última vez | Precio de reemplazo | Tipo de ítem Koha |
|---|---|---|---|---|---|---|---|---|---|---|---|---|---|---|
| Biblioteca del Ateneo de Madrid | Biblioteca del Ateneo de Madrid | Depósito 2 | 17/01/2008 | C-28519 | 1047564 | 23/02/2023 | 23/02/2023 | Libro impreso |
